000 01692cam a2200469 4500
001 21870
003 VRT
005 20260313140556.0
008 230612s2023 xo cr 010 j slo
015 _aSNBA2023/06
020 _a9788080905170
_q(viazané)
039 9 _a202306280941
_bmsnk116
_c202306271511
_dmsnk116
_c202306271507
_dmsnk116
040 _aSNK
_bslo
_cSNK
_erda
041 1 _aslo
_heng
044 _axo
_cSK
072 7 _a821.111(73)-3
_xAmerická próza
_2konspekt
072 7 _aLiteratúra pre deti a mládež (beletria)
_2konspekt
080 _a821.111(73)-3
_22011
080 _a821.111(73)-32
_22011
080 _a82-93-053.4/.5
_22011
080 _a82-93
_22011
100 1 _aO'Connor, Barbara,
_d1958-
_4aut
240 1 0 _aHow to steal a dog
_lSlovensky
245 1 0 _aVysnívaná odmena
_cBarbara O'Connor ; z anglického originálu preložila do slovenčiny Petronela Pavlíková
250 _aVydanie 1.
264 1 _aBratislava
_bGrada Slovakia s.r.o. - Bambook
_c2023
300 _a199 strán
_c21 cm
336 _atext
_btxt
_2rdacontent
337 _abez média
_bn
_2rdamedia
338 _azväzok
_bnc
_2rdacarrier
500 _aVydala Grada Slovakia s.r.o. pod značkou Bambook
521 8 _aPre deti od 10 rokov
655 7 _aamerické príbehy
_2SNKPH
655 7 _aAmerican stories
_2SNKPHeng
655 7 _aliteratúra pre deti a mládež
_2SNKPH
655 7 _aChildren's and juvenile literature
_2SNKPHeng
700 1 _aPavlíková, Petronela
_4trl
942 _2ddc
_cKLDE
_n0
949 _617A1530231
_asnkSC 202521
_bsnk2023/9305
_o549/23
949 _617A1530232
_asnkSC 202521 D1
_bsnk2023/9306
_o549/23
999 _c21870
_d21870